[Event "Bogota McGregor op 3rd"]
[Site "Bogota"]
[Date "2012.12.12"]
[Round "2"]
[White "Sanchez Liecano, Sebastian Felipe"]
[Black "Pachon Gutierrez, Adriana Paola"]
[Result "1-0"]
[WhiteElo "2313"]
[BlackElo "2052"]
[PlyCount "37"]
[EventDate "2012.12.12"]
[EventType "swiss"]
[EventRounds "9"]
[EventCountry "COL"]
[SourceTitle "EXT 2014"]
[Source "ChessBase"]
[SourceDate "2013.11.20"]
[SourceVersion "1"]
[SourceVersionDate "2013.11.20"]
[SourceQuality "1"]

1. c4 e6 2. d4 d5 3. Nf3 Nf6 4. Nc3 c6 5. e3 Nbd7 6. Qc2 Bd6 7. g4 h6 8. Rg1 b6 9. h4 Bb7 10. g5 hxg5 11. hxg5 Nh5 12. cxd5 cxd5 13. Bd2 Qc7 14. 0-0-0 0-0-0 15. Kb1 Kb8 16. Qa4 Bc6 17. Bb5 Rc8 18. Bxc6 Qxc6 19. Nb5 1-0

[Event "Pamplona Sub zt 2.3"]
[Site "Pamplona"]
[Date "2012.11.08"]
[Round "8"]
[White "Rios, Cristhian Camilo"]
[Black "Sanchez Liecano, Sebastian Felipe"]
[Result "1/2-1/2"]
[WhiteElo "2351"]
[BlackElo "2282"]
[PlyCount "46"]
[EventDate "2012.11.05"]
[EventType "swiss"]
[EventRounds "9"]
[EventCountry "COL"]
[SourceTitle "EXT 2013"]
[Source "ChessBase"]
[SourceDate "2012.11.22"]
[SourceVersion "1"]
[SourceVersionDate "2012.11.22"]
[SourceQuality "1"]

1. d4 Nf6 2. c4 e6 3. Nf3 b6 4. a3 Bb7 5. Nc3 d5 6. cxd5 Nxd5 7. Qc2 Be7 8. e4 Nxc3 9. bxc3 0-0 10. Bd3 c5 11. 0-0 Nd7 12. a4 Rc8 13. Qe2 Qc7 14. Ba3 e5 15. d5 c4 16. Bxe7 cxd3 17. Qxd3 Rfe8 18. Bb4 a5 19. Ba3 Qc4 20. Qe3 Qxc3 21. Qxc3 Rxc3 22. Rfc1 Rxc1+ 23. Rxc1 Rc8 1/2-1/2

[Event "Pamplona Sub zt 2.3"]
[Site "Pamplona"]
[Date "2012.11.07"]
[Round "5"]
[White "Sanchez Liecano, Sebastian Felipe"]
[Black "Zuluaga Mancilla, Cesar"]
[Result "1/2-1/2"]
[WhiteElo "2282"]
[BlackElo "2370"]
[PlyCount "103"]
[EventDate "2012.11.05"]
[EventType "swiss"]
[EventRounds "9"]
[EventCountry "COL"]
[SourceTitle "EXT 2013"]
[Source "ChessBase"]
[SourceDate "2012.11.22"]
[SourceVersion "1"]
[SourceVersionDate "2012.11.22"]
[SourceQuality "1"]

1. e4 c5 2. Nf3 e6 3. d4 cxd4 4. Nxd4 a6 5. Nc3 Qc7 6. Bd3 Nf6 7. Qe2 d6 8. f4 Nbd7 9. g4 Nc5 10. g5 Nfd7 11. Bd2 g6 12. h4 Bg7 13. Nf3 b5 14. h5 Bb7 15. h6 Bf8 16. b4 Nxd3+ 17. cxd3 Be7 18. Rc1 Rc8 19. 0-0 Qb8 20. f5 e5 21. fxg6 hxg6 22. Nh2 0-0 23. Ng4 Kh7 24. Rf3 f5 25. gxf6 Bd8 26. Rcf1 Rf7 27. Ne3 Bb6 28. Kh1 Bxe3 29. Qxe3 Rcf8 30. Qf2 Rxf6 31. Qh4 Qd8 32. Bg5 Rxf3 33. Rxf3 Qe8 34. Qf2 Rxf3 35. Qxf3 Qe6 36. Kg2 Kg8 37. Kg3 Bc6 38. Qf2 d5 39. exd5 Bxd5 40. Nxd5 Qxd5 41. Qf3 e4 42. Qe3 Qxd3 43. Qxd3 exd3 44. Kf3 Ne5+ 45. Ke4 Nc6 46. Bd2 Kh7 47. Kxd3 g5 48. Ke4 Kxh6 49. Kd5 Ne7+ 50. Ke6 Nc6 51. Kd5 Ne7+ 52. Ke6 1/2-1/2

[Event "San Cristobal Bolivar op 1st"]
[Site "San Cristobal"]
[Date "2012.09.29"]
[Round "9"]
[White "Sanchez Liecano, Sebastian Felipe"]
[Black "Dobrov, Vladimir"]
[Result "0-1"]
[WhiteElo "2269"]
[BlackElo "2481"]
[PlyCount "74"]
[EventDate "2012.09.25"]
[EventType "swiss"]
[EventRounds "10"]
[EventCountry "VEN"]
[SourceTitle "EXT 2013"]
[Source "ChessBase"]
[SourceDate "2012.11.22"]
[SourceVersion "1"]
[SourceVersionDate "2012.11.22"]
[SourceQuality "1"]

1. e4 c5 2. Nf3 d6 3. d4 cxd4 4. Nxd4 Nf6 5. Nc3 a6 6. Be2 e6 7. 0-0 Qc7 8. f4 Be7 9. Be3 Nc6 10. Kh1 0-0 11. a4 Re8 12. Qe1 Nxd4 13. Bxd4 e5 14. fxe5 dxe5 15. Qg3 Bd8 16. Be3 Kh8 17. Rad1 Be6 18. Bg5 Be7 19. Bf3 Rad8 20. Rxd8 Rxd8 21. Rd1 Qc5 22. Nd5 Qxc2 23. Rc1 Qxb2 24. Nxe7 Nxe4 25. Qh4 Nxg5 26. Qxg5 h6 27. Qe3 Qb4 28. Qc5 Qxc5 29. Rxc5 e4 30. Be2 Rd2 31. Bf1 Rd1 32. Kg1 e3 33. Rc2 Bc4 34. Rxc4 e2 35. Rf4 e1Q 36. Rxf7 Qe3+ 37. Kh1 Qxe7 0-1

[Event "Santander U20"]
[Site "Santander"]
[Date "2012.07.16"]
[Round "7"]
[White "Sanchez Liecano, Sebastian Felipe"]
[Black "Martinez, Jorge Alexander"]
[Result "1-0"]
[WhiteElo "2214"]
[BlackElo "2220"]
[PlyCount "61"]
[EventDate "2012.07.13"]
[EventType "tourn"]
[EventRounds "11"]
[EventCountry "COL"]
[SourceTitle "EXT 2014"]
[Source "ChessBase"]
[SourceDate "2013.11.20"]
[SourceVersion "1"]
[SourceVersionDate "2013.11.20"]
[SourceQuality "1"]

1. e4 c5 2. Nf3 e6 3. d4 cxd4 4. Nxd4 a6 5. Nc3 Qc7 6. Bd3 h5 7. Qe2 Nf6 8. e5 Ng4 9. f4 d6 10. h3 dxe5 11. Nf3 Nf6 12. fxe5 Bb4 13. 0-0 Bc5+ 14. Kh1 Ng4 15. Bf4 Nc6 16. Ne4 Nd4 17. Nxd4 Bxd4 18. Nd6+ Kd8 19. Nxf7+ Qxf7 20. Bg5+ Nf6 21. c3 Bxe5 22. Qxe5 Rf8 23. Rad1 Bd7 24. Be4 Ke8 25. Bxb7 Rd8 26. Bxa6 Qe7 27. Bd3 Kf7 28. Bxf6 gxf6 29. Qxh5+ Kg8 30. Rf3 Qg7 31. Rg3 1-0

[Event "Santander U20"]
[Site "Santander"]
[Date "2012.07.14"]
[Round "4"]
[White "Herrera Perez, Martin Steven"]
[Black "Sanchez Liecano, Sebastian Felipe"]
[Result "0-1"]
[WhiteElo "1944"]
[BlackElo "2214"]
[PlyCount "68"]
[EventDate "2012.07.13"]
[EventType "tourn"]
[EventRounds "11"]
[EventCountry "COL"]
[SourceTitle "EXT 2014"]
[Source "ChessBase"]
[SourceDate "2013.11.20"]
[SourceVersion "1"]
[SourceVersionDate "2013.11.20"]
[SourceQuality "1"]

1. e4 c5 2. Nf3 d6 3. d4 cxd4 4. Nxd4 Nf6 5. Nc3 e6 6. Be3 a6 7. f4 Qc7 8. Qf3 b5 9. Bd3 Bb7 10. g4 Nc6 11. 0-0-0 Be7 12. Rhg1 b4 13. Nce2 Na5 14. Kb1 Nc4 15. Bc1 d5 16. e5 Ne4 17. Ng3 Nxg3 18. Rxg3 Qb6 19. Nb3 a5 20. Qe2 Rc8 21. f5 a4 22. Nd2 Ba6 23. Rf1 Rc7 24. Rh3 Kd7 25. fxe6+ fxe6 26. Rf7 Na3+ 27. bxa3 bxa3+ 28. Nb3 axb3 29. axb3 a2+ 30. Kxa2 Qa5+ 31. Kb1 Ra8 32. Bb2 Qa2+ 33. Kc1 Ke8 34. Rxg7 Ba3 0-1

[Event "Santander U20"]
[Site "Santander"]
[Date "2012.07.13"]
[Round "2"]
[White "Ruiz Aguilar, Pablo Alexander"]
[Black "Sanchez Liecano, Sebastian Felipe"]
[Result "0-1"]
[WhiteElo "2299"]
[BlackElo "2214"]
[PlyCount "78"]
[EventDate "2012.07.13"]
[EventType "tourn"]
[EventRounds "11"]
[EventCountry "COL"]
[SourceTitle "EXT 2014"]
[Source "ChessBase"]
[SourceDate "2013.11.20"]
[SourceVersion "1"]
[SourceVersionDate "2013.11.20"]
[SourceQuality "1"]

1. d4 Nf6 2. c4 e6 3. Nf3 b6 4. g3 Ba6 5. b3 Bb4+ 6. Bd2 Be7 7. Bg2 c6 8. 0-0 d5 9. Qc2 0-0 10. Rc1 Nbd7 11. a4 c5 12. Na3 Rc8 13. Nb5 dxc4 14. Qxc4 cxd4 15. Qxd4 Nc5 16. Rab1 Bb7 17. Bb4 a6 18. Na3 Be4 19. Nc2 Qc7 20. Qb2 a5 21. Bxc5 Bxc5 22. Ra1 Bxc2 23. Rxc2 Bxf2+ 24. Kxf2 Qxc2 25. Qxc2 Rxc2 26. Nd4 Rc5 27. h3 Rd8 28. Nb5 Rd2 29. Bf3 e5 30. Ke1 Rd8 31. Na3 e4 32. Bg2 Rc3 33. Rb1 Rxg3 34. Kf2 Rg5 35. Nc4 b5 36. Nxa5 bxa4 37. b4 e3+ 38. Kf1 Rd4 39. Bf3 Ne4 0-1

[Event "Santander UDI University op U27"]
[Site "Santander"]
[Date "2012.03.30"]
[Round "2"]
[White "Sanchez Liecano, Sebastian Felipe"]
[Black "Duran, Fabian Alberto"]
[Result "1-0"]
[WhiteElo "2192"]
[BlackElo "1909"]
[PlyCount "73"]
[EventDate "2012.03.29"]
[EventType "swiss"]
[EventRounds "9"]
[EventCountry "COL"]
[SourceTitle "CBM 147 Extra"]
[Source "ChessBase"]
[SourceDate "2012.04.24"]
[SourceVersion "1"]
[SourceVersionDate "2012.04.24"]
[SourceQuality "1"]

1. e4 c5 2. Nc3 d6 3. f4 e6 4. Nf3 Nc6 5. Bb5 Bd7 6. 0-0 Be7 7. d3 Nf6 8. Kh1 a6 9. Bxc6 Bxc6 10. e5 Nd7 11. Ne4 d5 12. Ng3 Qc7 13. f5 0-0-0 14. Bf4 h6 15. Nh5 Rdg8 16. Qd2 g5 17. fxg6 Rxg6 18. c3 Bg5 19. d4 Qd8 20. Be3 Rhg8 21. Nxg5 hxg5 22. Rxf7 Rh8 23. Nf6 Nxf6 24. Rxf6 Rxf6 25. exf6 Qxf6 26. Bxg5 Qg6 27. Kg1 Qh5 28. Bf4 cxd4 29. cxd4 Rf8 30. Re1 Qh4 31. Bg3 Qf6 32. h3 Qg6 33. Kh2 Rf7 34. Qe3 Re7 35. Qe5 Qg7 36. Qb8+ Kd7 37. Bd6 1-0

[Event "Santander UDI University op U27"]
[Site "Santander"]
[Date "2012.03.29"]
[Round "1"]
[White "Rincon R, Javier Duvan"]
[Black "Sanchez Liecano, Sebastian Felipe"]
[Result "0-1"]
[WhiteElo "1601"]
[BlackElo "2192"]
[PlyCount "58"]
[EventDate "2012.03.29"]
[EventType "swiss"]
[EventRounds "9"]
[EventCountry "COL"]
[SourceTitle "CBM 147 Extra"]
[Source "ChessBase"]
[SourceDate "2012.04.24"]
[SourceVersion "1"]
[SourceVersionDate "2012.04.24"]
[SourceQuality "1"]

1. d4 Nf6 2. c4 e6 3. Nf3 b6 4. Nc3 Bb4 5. Qc2 Bb7 6. g3 0-0 7. Bd2 c5 8. dxc5 bxc5 9. Bg2 d6 10. 0-0 Qe7 11. Rad1 Nbd7 12. b3 Rfd8 13. Rfe1 Nf8 14. Ng5 Bxg2 15. Kxg2 d5 16. cxd5 exd5 17. Na4 Bxd2 18. Rxd2 Rac8 19. Nf3 Ne6 20. e3 Ne4 21. Rdd1 Qf6 22. Re2 N6g5 23. Nxg5 Nxg5 24. h3 Qf3+ 25. Kh2 Qh5 26. h4 Nf3+ 27. Kg2 Qg4 28. Rh1 d4 29. exd4 Nxd4 0-1

[Event "Santander op"]
[Site "Santander"]
[Date "2011.12.22"]
[Round "8"]
[White "Sanchez Liecano, Sebastian Felipe"]
[Black "Martinez Zuluaica, Julian"]
[Result "1-0"]
[WhiteElo "2169"]
[BlackElo "2216"]
[PlyCount "67"]
[EventDate "2011.12.17"]
[EventType "swiss"]
[EventRounds "9"]
[EventCountry "COL"]
[SourceTitle "CBM 146 Extra"]
[Source "ChessBase"]
[SourceDate "2012.02.29"]
[SourceVersion "1"]
[SourceVersionDate "2012.02.29"]
[SourceQuality "1"]

1. c4 Nf6 2. Nc3 g6 3. e4 d6 4. d4 Bg7 5. f4 0-0 6. Nf3 Nbd7 7. Bd3 e5 8. fxe5 dxe5 9. d5 c6 10. 0-0 h6 11. Kh1 Nh5 12. Qe1 Nc5 13. Bc2 cxd5 14. cxd5 g5 15. Be3 Nd7 16. Rc1 a6 17. b4 Re8 18. Bb3 Nf8 19. Na4 b5 20. Bb6 Qf6 21. Rc6 Qf4 22. Nc5 Qg4 23. Bd1 Nf4 24. g3 Qh3 25. gxf4 exf4 26. Ng1 Qa3 27. Bb3 Nd7 28. Rxc8 Raxc8 29. Nxd7 Bc3 30. Qe2 Qxb4 31. e5 Bxe5 32. Nxe5 Qc3 33. Ngf3 g4 34. Bd4 1-0

[Event "Bogota McGregor op 2nd"]
[Site "Bogota"]
[Date "2011.12.07"]
[Round "4"]
[White "Sanchez Liecano, Sebastian Felipe"]
[Black "Florez, Luis Angel"]
[Result "0-1"]
[WhiteElo "2169"]
[BlackElo "1919"]
[PlyCount "94"]
[EventDate "2011.12.06"]
[EventType "swiss"]
[EventRounds "10"]
[EventCountry "COL"]
[SourceTitle "CBM 145 Extra"]
[Source "ChessBase"]
[SourceDate "2012.01.03"]
[SourceVersion "1"]
[SourceVersionDate "2012.01.03"]
[SourceQuality "1"]

1. e4 e5 2. Nf3 Nf6 3. Nxe5 d6 4. Nf3 Nxe4 5. Nc3 Nxc3 6. dxc3 Be7 7. Bf4 Nd7 8. Qd2 0-0 9. 0-0-0 Nc5 10. Nd4 Re8 11. f3 Ne6 12. Be3 Bf6 13. h4 Nxd4 14. cxd4 Bxh4 15. Bd3 Qe7 16. Bf4 h6 17. g3 Bg5 18. Rde1 Bxf4 19. gxf4 Qd8 20. Reg1 Qf6 21. f5 Kh7 22. Rg4 Bd7 23. Rhg1 Rg8 24. Rh1 Rge8 25. Rhg1 Rg8 26. Rg6 fxg6 27. Rxg6 Qf7 28. Qf4 Be8 29. f6 Qxg6 30. f7 Bxf7 31. Qxf7 Qxd3 32. cxd3 Rgf8 33. Qd5 b6 34. Kd2 Rae8 35. Qb7 Re7 36. b4 h5 37. Qxa7 h4 38. Qb7 Rf5 39. a4 h3 40. f4 Rxf4 41. a5 Rf2+ 42. Kc3 bxa5 43. bxa5 Re1 44. a6 Rc1+ 45. Kb3 Rb1+ 46. Kc3 Rxb7 47. axb7 Rf8 0-1

[Event "Monteria op"]
[Site "Monteria"]
[Date "2011.11.12"]
[Round "1"]
[White "Sanchez Liecano, Sebastian Felipe"]
[Black "Franco, Jhonatan"]
[Result "1-0"]
[WhiteElo "2169"]
[BlackElo "1375"]
[PlyCount "67"]
[EventDate "2011.11.12"]
[EventType "swiss"]
[EventRounds "7"]
[EventCountry "COL"]
[SourceTitle "EXT 2012"]
[Source "ChessBase"]
[SourceDate "2011.11.24"]
[SourceVersion "1"]
[SourceVersionDate "2011.11.24"]
[SourceQuality "1"]

1. e4 e5 2. Nf3 Nc6 3. d4 d6 4. dxe5 dxe5 5. Qxd8+ Nxd8 6. Nxe5 Nf6 7. Nc3 Bb4 8. f3 0-0 9. Bd2 Re8 10. Nd3 Bd6 11. 0-0-0 Nc6 12. Nb5 a6 13. Nxd6 cxd6 14. Bc3 Nd7 15. Nf4 Nf6 16. Bxf6 gxf6 17. Rxd6 Be6 18. Nxe6 fxe6 19. Bc4 Nd8 20. Rhd1 Rc8 21. Bb3 Rc6 22. Rxd8 Rxd8 23. Rxd8+ Kf7 24. Rd7+ Ke8 25. Rxb7 e5 26. Ba4 Kd8 27. Bxc6 Kc8 28. Rxh7 Kb8 29. Kd2 Kc8 30. Kc3 Kb8 31. Kc4 Kc8 32. Kc5 Kd8 33. Kd6 Kc8 34. Rh8# 1-0

[Event "COL-chT"]
[Site "Medelin"]
[Date "2011.11.05"]
[Round "6.3"]
[White "Chirivi Castiblanco, Jenny Astrid"]
[Black "Sanchez Liecano, Sebastian Felipe"]
[Result "0-1"]
[WhiteElo "2169"]
[BlackElo "2169"]
[PlyCount "64"]
[EventDate "2011.11.02"]
[EventType "team-swiss"]
[EventRounds "6"]
[EventCountry "COL"]
[SourceTitle "EXT 2012"]
[Source "ChessBase"]
[SourceDate "2011.11.24"]
[SourceVersion "1"]
[SourceVersionDate "2011.11.24"]
[SourceQuality "1"]
[WhiteTeam "Antioquia (W)"]
[BlackTeam "Santander"]
[WhiteTeamCountry "COL"]
[BlackTeamCountry "COL"]

1. d4 Nf6 2. c4 c5 3. d5 b5 4. cxb5 a6 5. bxa6 Bxa6 6. Nc3 d6 7. g3 g6 8. Bg2 Bg7 9. Nf3 Nbd7 10. 0-0 0-0 11. Qc2 Qa5 12. Rd1 Rfb8 13. Rb1 Ng4 14. Bd2 Qc7 15. b3 Nde5 16. Nxe5 Nxe5 17. h3 Ra7 18. Be1 Rab7 19. Ne4 Qb6 20. Bf1 Qa7 21. Bc3 c4 22. b4 Bb5 23. Qd2 Ra8 24. Kg2 f5 25. Bd4 Qa3 26. Nc3 Ba4 27. Nxa4 Rxa4 28. f4 Nd7 29. Bxg7 Kxg7 30. Qd4+ Nf6 31. Qxc4 Raxb4 32. Rxb4 Rxb4 0-1

[Event "COL-chT"]
[Site "Medelin"]
[Date "2011.11.03"]
[Round "2.3"]
[White "Arias, Juan Camilo"]
[Black "Sanchez Liecano, Sebastian Felipe"]
[Result "0-1"]
[WhiteElo "1600"]
[BlackElo "2169"]
[PlyCount "64"]
[EventDate "2011.11.02"]
[EventType "team-swiss"]
[EventRounds "6"]
[EventCountry "COL"]
[SourceTitle "EXT 2012"]
[Source "ChessBase"]
[SourceDate "2011.11.24"]
[SourceVersion "1"]
[SourceVersionDate "2011.11.24"]
[SourceQuality "1"]
[WhiteTeam "Liga Norte De Santander"]
[BlackTeam "Santander"]
[WhiteTeamCountry "COL"]
[BlackTeamCountry "COL"]

1. d4 Nf6 2. c4 e6 3. Nf3 b6 4. e3 Bb7 5. Bd3 c5 6. b3 Be7 7. Bb2 0-0 8. 0-0 d6 9. Nbd2 Nbd7 10. Qc2 Qc7 11. Rfe1 Rfe8 12. e4 cxd4 13. Nxd4 a6 14. Rac1 Bf8 15. h3 Rac8 16. Qd1 g6 17. Bb1 Qb8 18. N4f3 Bg7 19. Qe2 Qa8 20. b4 d5 21. e5 Nh5 22. Qe3 Bf8 23. g4 Ng7 24. a3 a5 25. Qf4 Qb8 26. cxd5 Rxc1 27. Rxc1 exd5 28. bxa5 Ne6 29. Qa4 Ndc5 30. Qb5 Qa8 31. axb6 Na4 32. Rc2 Bc5 0-1

[Event "Medellin Cuartas Memorial"]
[Site "Medellin"]
[Date "2011.08.05"]
[Round "4"]
[White "Sanchez Liecano, Sebastian Felipe"]
[Black "Giraldo, Leonardo Emilio"]
[Result "1-0"]
[WhiteElo "2159"]
[BlackElo "1891"]
[PlyCount "51"]
[EventDate "2011.08.03"]
[EventType "swiss"]
[EventRounds "8"]
[EventCountry "COL"]
[SourceTitle "CBM 144 Extra"]
[Source "ChessBase"]
[SourceDate "2011.10.28"]
[SourceVersion "1"]
[SourceVersionDate "2011.10.28"]
[SourceQuality "1"]

1. e4 c5 2. Nf3 Nc6 3. d4 cxd4 4. Nxd4 Nf6 5. Nc3 d6 6. Bg5 Bd7 7. Qd2 Rc8 8. 0-0-0 Qa5 9. Nb3 Qc7 10. f4 a6 11. Bd3 e6 12. Bxf6 gxf6 13. Kb1 Be7 14. Rde1 b5 15. Nd5 exd5 16. exd5 Ne5 17. fxe5 fxe5 18. Rhf1 h6 19. Re2 Bg5 20. Qb4 0-0 21. h4 Bf4 22. g3 f5 23. gxf4 e4 24. Rg2+ Kh7 25. Qd4 Rf7 26. Rfg1 1-0

[Event "Bogota McGregor op 1st"]
[Site "Bogota"]
[Date "2010.12.08"]
[Round "7"]
[White "Sanchez Liecano, Sebastian Felipe"]
[Black "Arenas Vanegas, David"]
[Result "1/2-1/2"]
[WhiteElo "2150"]
[BlackElo "2443"]
[PlyCount "77"]
[EventDate "2010.12.03"]
[EventType "swiss"]
[EventRounds "10"]
[EventCountry "COL"]
[SourceTitle "CBM 139 Extra"]
[Source "ChessBase"]
[SourceDate "2011.01.05"]
[SourceVersion "1"]
[SourceVersionDate "2011.01.05"]
[SourceQuality "1"]

1. e4 c5 2. Nf3 d6 3. d4 cxd4 4. Nxd4 Nf6 5. Nc3 a6 6. Be2 e6 7. 0-0 Be7 8. a4 Nc6 9. Kh1 0-0 10. f4 Qc7 11. Nb3 b6 12. Be3 Rb8 13. Rf2 Re8 14. g4 Bb7 15. g5 Nd7 16. Bf3 Bf8 17. Bg2 g6 18. Rd2 Na5 19. Nxa5 bxa5 20. Ba7 Rbc8 21. Rd3 f5 22. gxf6 Nxf6 23. Qg1 Qf7 24. Rf1 Rxc3 25. Rxc3 Nxe4 26. Rb3 Bd5 27. Re3 Nd2 28. Bxd5 Nxf1 29. Rxe6 Rxe6 30. Qg4 Ng3+ 31. Qxg3 Re1+ 32. Qxe1 Qxd5+ 33. Kg1 Kf7 34. b3 Bg7 35. Be3 Qe4 36. Qd2 d5 37. Qd3 Qf3 38. Bf2 Qg4+ 39. Kf1 1/2-1/2

[Event "Bogota McGregor op 1st"]
[Site "Bogota"]
[Date "2010.12.08"]
[Round "9"]
[White "Sanchez Liecano, Sebastian Felipe"]
[Black "Mateus Urbano, Luis Alejandro"]
[Result "1/2-1/2"]
[WhiteElo "2150"]
[BlackElo "2274"]
[PlyCount "120"]
[EventDate "2010.12.03"]
[EventType "swiss"]
[EventRounds "10"]
[EventCountry "COL"]
[SourceTitle "CBM 139 Extra"]
[Source "ChessBase"]
[SourceDate "2011.01.05"]
[SourceVersion "1"]
[SourceVersionDate "2011.01.05"]
[SourceQuality "1"]

1. e4 c5 2. Nf3 d6 3. Bb5+ Nd7 4. 0-0 a6 5. Bxd7+ Bxd7 6. Re1 Bg4 7. d3 e6 8. Nbd2 Nf6 9. h3 Bh5 10. Nf1 h6 11. Ng3 Bg6 12. a4 Be7 13. Nh2 d5 14. e5 Nd7 15. Nh5 0-0 16. Nf4 Bh7 17. Ng4 Bg5 18. g3 Bf5 19. Qf3 c4 20. d4 Bxc2 21. h4 Be4 22. Qd1 Bxf4 23. Bxf4 f5 24. exf6 Nxf6 25. Be5 Nxg4 26. Qxg4 Qe7 27. a5 Bf3 28. Qg6 Rf5 29. g4 Rf7 30. Ra3 Raf8 31. g5 hxg5 32. hxg5 Rf5 33. Bf6 Qf7 34. Qxf5 exf5 35. Re7 gxf6 36. Rxf7 Rxf7 37. Rxf3 fxg5 38. Re3 Kg7 39. Re5 Kf6 40. Rxd5 Rc7 41. Rd6+ Ke7 42. Rg6 g4 43. Kg2 Kf7 44. Rh6 Kg7 45. Rd6 f4 46. Re6 Rf7 47. d5 Kf8 48. Re4 Rf6 49. Rxc4 Ke7 50. Rb4 Kd6 51. Rb6+ Ke5 52. Rxb7 Kxd5 53. Rg7 g3 54. fxg3 fxg3 55. Kxg3 Kc4 56. Rb7 Rf5 57. b3+ Kc3 58. b4 Kc4 59. Rb6 Rb5 60. Rxa6 Kxb4 1/2-1/2

[Event "Bogota McGregor op 1st"]
[Site "Bogota"]
[Date "2010.12.07"]
[Round "8"]
[White "Angulo, Pablo David"]
[Black "Sanchez Liecano, Sebastian Felipe"]
[Result "0-1"]
[WhiteElo "2033"]
[BlackElo "2150"]
[PlyCount "96"]
[EventDate "2010.12.03"]
[EventType "swiss"]
[EventRounds "10"]
[EventCountry "COL"]
[SourceTitle "CBM 139 Extra"]
[Source "ChessBase"]
[SourceDate "2011.01.05"]
[SourceVersion "1"]
[SourceVersionDate "2011.01.05"]
[SourceQuality "1"]

1. d4 Nf6 2. Nf3 e6 3. Bg5 d5 4. c3 c5 5. e3 Nc6 6. Bd3 Qb6 7. Qc1 Nd7 8. Nbd2 f5 9. Bf4 Nf6 10. Ne5 Be7 11. a3 a5 12. Rb1 c4 13. Bc2 a4 14. Qd1 Qa6 15. h4 b5 16. h5 Bb7 17. Ndf3 Rg8 18. Ng5 Nxe5 19. dxe5 Nd7 20. Nxh7 0-0-0 21. Rh2 g5 22. hxg6 Rxg6 23. Qh5 Rdg8 24. g3 Qc6 25. Kd2 Bd8 26. Rf1 Qc7 27. Nf6 Nxf6 28. exf6 Qd7 29. g4 Rxg4 30. f7 Rf8 31. Bh6 Rxf7 32. f3 Rg8 33. Bf4 Bf6 34. Rfh1 Bc6 35. Qh3 Kb7 36. Qf1 e5 37. Bh6 d4 38. cxd4 exd4 39. Kc1 d3 40. Bb1 Qd5 41. Rf2 Rd7 42. e4 Qe5 43. Rh5 d2+ 44. Rxd2 Rxd2 45. Kxd2 Qxb2+ 46. Ke3 Bd4+ 47. Kf4 Qd2+ 48. Kxf5 Bd7# 0-1

[Event "Charala op"]
[Site "Charala"]
[Date "2010.07.19"]
[Round "6"]
[White "Sanchez Liecano, Sebastian Felipe"]
[Black "Abril Guiza, Mauricio"]
[Result "1-0"]
[WhiteElo "2165"]
[BlackElo "2016"]
[PlyCount "75"]
[EventDate "2010.07.17"]
[EventType "swiss"]
[EventRounds "8"]
[EventCountry "COL"]
[SourceTitle "CBM 137 Extra"]
[Source "ChessBase"]
[SourceDate "2010.09.01"]
[SourceVersion "1"]
[SourceVersionDate "2010.09.01"]
[SourceQuality "1"]

1. e4 c5 2. Nf3 Nc6 3. d4 cxd4 4. Nxd4 Nf6 5. Nc3 e5 6. Ndb5 d6 7. Bg5 a6 8. Na3 b5 9. Bxf6 gxf6 10. Nd5 Bg7 11. Bd3 Ne7 12. Nxe7 Qxe7 13. c4 f5 14. 0-0 0-0 15. Qf3 Rb8 16. exf5 bxc4 17. Nxc4 d5 18. Qxd5 Bb7 19. Qa5 e4 20. Be2 Rfe8 21. Rad1 e3 22. Nxe3 Qg5 23. g3 Rxe3 24. fxe3 Qxe3+ 25. Rf2 Bd4 26. Rxd4 Qxd4 27. Qc7 Re8 28. Qxb7 Rxe2 29. Qc8+ Kg7 30. f6+ Kh6 31. Qf8+ Kg5 32. Qg7+ Kh5 33. Qxh7+ Kg5 34. Qg7+ Kh5 35. Qxf7+ Kg5 36. Qg7+ Kh5 37. Qh7+ Kg5 38. Qh4+ 1-0

[Event "Charala op"]
[Site "Charala"]
[Date "2010.07.18"]
[Round "3"]
[White "Corredor Sanchez, Fabian Ricardo"]
[Black "Sanchez Liecano, Sebastian Felipe"]
[Result "1-0"]
[WhiteElo "1891"]
[BlackElo "2165"]
[PlyCount "39"]
[EventDate "2010.07.17"]
[EventType "swiss"]
[EventRounds "8"]
[EventCountry "COL"]
[SourceTitle "CBM 137 Extra"]
[Source "ChessBase"]
[SourceDate "2010.09.01"]
[SourceVersion "1"]
[SourceVersionDate "2010.09.01"]
[SourceQuality "1"]

1. e4 c5 2. Nf3 e6 3. d4 cxd4 4. Nxd4 Nc6 5. g3 Nf6 6. Bg2 Qc7 7. Nc3 a6 8. a4 Bb4 9. 0-0 h6 10. Kh1 0-0 11. f4 d6 12. Nb3 b6 13. g4 Bb7 14. g5 hxg5 15. fxg5 Bxc3 16. gxf6 Bxf6 17. Rxf6 gxf6 18. Qg4+ Kh7 19. Qh4+ Kg8 20. Bh6 1-0

[Event "COL-ch sf "]
[Site "Medellin"]
[Date "2010.06.10"]
[Round "8"]
[White "Sanchez Liecano, Sebastian Felipe"]
[Black "Mateus Urbano, Luis Alejandro"]
[Result "0-1"]
[WhiteElo "2171"]
[BlackElo "2238"]
[PlyCount "102"]
[EventDate "2010.06.05"]
[EventType "swiss"]
[EventRounds "11"]
[EventCountry "COL"]
[SourceTitle "CBM 136 Extra"]
[Source "ChessBase"]
[SourceDate "2010.07.02"]
[SourceVersion "2"]
[SourceVersionDate "2010.07.15"]
[SourceQuality "1"]

1. e4 c5 2. Nf3 d6 3. d4 cxd4 4. Nxd4 Nf6 5. Nc3 a6 6. f3 e5 7. Nb3 Be6 8. Be3 Nbd7 9. g4 b5 10. g5 b4 11. Ne2 Nh5 12. Qd2 a5 13. Ng3 Nxg3 14. hxg3 a4 15. Nc1 Qa5 16. f4 g6 17. Nd3 d5 18. exd5 Bxd5 19. Bh3 Rd8 20. 0-0 h6 21. fxe5 hxg5 22. Bg2 Be7 23. Rae1 g4 24. Rf4 Nf8 25. Rxg4 Ne6 26. a3 Bxg2 27. Qxg2 bxa3 28. Qc6+ Kf8 29. Rxa4 Qd5 30. Qxd5 Rxd5 31. bxa3 Kg7 32. Ra7 Bg5 33. Bxg5 Nxg5 34. Kg2 Rc8 35. Re2 Rd4 36. Nb4 Kg8 37. Rf2 Rc3 38. Ra8+ Kg7 39. Ra7 Kg8 40. Nd3 Rg4 41. Ra8+ Kg7 42. Ra7 Kg8 43. a4 Ne4 44. Rfxf7 Rxg3+ 45. Kf1 Rxc2 46. Rg7+ Kf8 47. Raf7+ Ke8 48. e6 Nd2+ 49. Ke2 Nc4+ 50. Kf1 Ne3+ 51. Ke1 Rg1+ 0-1